|
|
|
|
| LEADER |
00000cam a2200000 7i4500 |
| 001 |
0000006490 |
| 005 |
20091228093000.0 |
| 008 |
021119s1985 |
| 090 |
0 |
0 |
|a BP180
|b .B37
|
| 100 |
0 |
|
|a Basmih, Abdullah ,
|e author
|
| 245 |
0 |
0 |
|a Panduan Rasulullah s.a.w. mengenai zakat, sedekah dan khairat
|c Abd Allah Basimih
|
| 260 |
2 |
|
|a Kuala Lumpur :
|b Jabatan Perdana Menteri ,
|c 1985
|
| 300 |
|
|
|a 221 ms. ;
|c 19 sm.
|
| 501 |
|
|
|a Teks Jawi
|
| 650 |
|
0 |
|a Islam
|x Charities
|
| 650 |
|
0 |
|a Zakat
|
| 710 |
1 |
1 |
|a Malaysia .
|b Jabatan Perdana Menteri
|
| 999 |
|
|
|a 1000005392
|b Book
|c OPEN SHELF (30 DAYS)
|e Gong Badak Campus
|